000 00405nam a2200157Ia 4500
008 230917s9999||||xx |||||||||||||| ||und||
040 _e136558
_aMAIN
041 _aEnglish
082 _a658.3 S74H
100 _aStorey, John, ed
245 0 _aHuman resource management: a critical text
250 _a2nd ed.
260 _aAustralia
_bThomson Learning
_c2001
300 _aviii, 373p p.
942 _cBK
999 _c108393
_d108393